Normal view
MARC view
- Supervised by lt Col Mofassir Ul Haque
Entry Personal Name
001 - CONTROL NUMBER
- control field: 131968
003 - CONTROL NUMBER IDENTIFIER
- control field: NUST
005 - DATE AND TIME OF LATEST TRANSACTION
- control field: 20251120132248.0
008 - FIXED-LENGTH DATA ELEMENTS
- fixed length control field: 251120|| aca||aabn | a|a d
040 ## - CATALOGING SOURCE
- Original cataloging agency: NUST
- Transcribing agency: NUST
100 ## - HEADING--PERSONAL NAME
- Personal name: Supervised by lt Col Mofassir Ul Haque
670 ## - SOURCE DATA FOUND
- Source citation: Work cat.: (NUST)183673: Mohsin, NC Syed Raza (TCC-16) 131961, Mitigation of denial of service attack using IP traceback /, 2008
